Análisis de las variables institucionales en el Ministerio de Agricultura y Ganadería de 1972 a 1976 /

Guardat en:
Dades bibliogràfiques
Autor principal: Vásquez Vargas, Isaías
Format: Thesis
Publicat: San Pedro de M. de O. :
Etiquetes: Afegir etiqueta
Sense etiquetes, Sigues el primer a etiquetar aquest registre!

MARC

LEADER 00000 a a2200000 04500
001 15921
003
040 |a CRAI/IIS  |c CRAI/IIS 
090 |a 01630.00  
100 |a Vásquez Vargas, Isaías  
245 |a Análisis de las variables institucionales en el Ministerio de Agricultura y Ganadería de 1972 a 1976 /  |c Isaías Vásquez Vargas  
260 |a San Pedro de M. de O. :  
300 |a 95 páginas  
502 |a Tesis (Ingeniero Agrónomo con énfasis en Economía Agrícola) -- Universidad de Costa Rica. Facultad de Agronomía. Escuela de Economía Agrícola, 1978  
999 |c 17915  |d 17915